000 00815nas a2200265 4500
001 BR9802978
003 BR-BrBNA
005 20231205101025.0
007 ta
008 230509b bl.|||p| |||| 00| 00por d
040 _aBR-BrBNA
_bpor
_cBiblioteca Nacional de Agricultura
041 _a(Pt)
072 _aC10
100 1 _aTereso, M.J.A.
100 1 _aGregori, A.T.
245 1 _aO processo de reestruturacao curricular do curso de Engenharia Agricola da Universidade Estadual de Campinas (UNICAMP)
650 _aEducacao
650 _aCurso
650 _aEngenharia Agricola
650 _aSao Paulo
650 _aUniversidade
773 0 _tEngenharia Agricola (Brazil)
_xISSN 0100-6916
_g(Sep 1997), v. 17(1) p. 97-112
_wBR9802978
909 _a202311
_bLúcia
_c55
_dLúcia Elande
942 _2AGRIS
_n0
_cANA
999 _c159339
_d159339